| 000 | 00691nas a2200229 i 4500 | ||
|---|---|---|---|
| 001 | 1501 | ||
| 003 | ES-MaACL | ||
| 005 | 20250812074040.0 | ||
| 007 | t| | ||
| 008 | 950801d19081919sp | | 1 ||pa d | ||
| 022 | _a2486-5265 | ||
| 080 | _a355.48 | ||
| 245 | 0 | 3 |
_aEl Mundo militar _b: revista decenal ilustrada. |
| 260 |
_aMadrid : _bEl Mundo Militar, _c1908-1919. |
||
| 300 |
_a6 v. : _bgrab. ; _c27 cm. |
||
| 310 | _aDecenal | ||
| 362 | 0 | _aAño 1, n. 1 (en. 1908)-año 12, n. 372 (1 mayo 1919) | |
| 650 | 7 |
_aArte y ciencia militar _2embne _9135619 |
|
| 852 |
_aES-MaACL _jHem-738 |
||
| 866 | 0 | _o(1912f.n.149y154)(1913f.n.183-184)1914(1915f.n.281)1916-17. | |
| 999 |
_c1501 _d1501 |
||